Southville International School and Colleges
Your cart is empty.
  • Cart
  • Lists
    Public lists Eva Luna New books Lux_list list_1
    Your lists Log in to create your own lists
  • Log in to your account
  • Your cookies
  • Search history
Southville International School and Colleges
  • Advanced search
  • Recent comments
  • Most popular
  • Libraries

Log in to your account

Log in with GOOGLE


If you do not have an external account, but do have a local account, you can still log in:

  1. Home
  2. MARC view: Wheels on the bus (The) /
Normal view MARC view ISBD view

Wheels on the bus (The) / (Record no. 102714)

[ view plain ]
MARC details
000 -LEADER
fixed length control field 00754nam a2200205 a 4500
005 - DATE AND TIME OF LATEST TRANSACTION
control field 20140412111241.0
008 - FIXED-LENGTH DATA ELEMENTS--GENERAL INFORMATION
fixed length control field 010425s19uu xx 00 eng d
020 ## - INTERNATIONAL STANDARD BOOK NUMBER
International Standard Book Number 0-394-84870-5
050 ## - LIBRARY OF CONGRESS CALL NUMBER
Classification number TR(PS E
Item number Wh56 1990
100 ## - MAIN ENTRY--PERSONAL NAME
Personal name Ziefert, Harriet
245 ## - TITLE STATEMENT
Title Wheels on the bus (The) /
Statement of responsibility, etc by Harriet Ziefert; illustrated by Andrea Baruffi.
260 ## - PUBLICATION, DISTRIBUTION, ETC. (IMPRINT)
Place of publication, distribution, etc New York :
Name of publisher, distributor, etc Random House,
Date of publication, distribution, etc 1990.
300 ## - PHYSICAL DESCRIPTION
Extent 1v. (unp.) ; ill.
440 ## - SERIES STATEMENT/ADDED ENTRY--TITLE
Title Random House pictureback reader
520 ## - SUMMARY, ETC.
Summary, etc The wheels on the bus go round, the wipers go swish, the doors open and cloes, and the people go in an out in this rollicking version of the classic song.
650 ## - SUBJECT ADDED ENTRY--TOPICAL TERM
Topical term or geographic name as entry element Children's songs-Texts
650 ## - SUBJECT ADDED ENTRY--TOPICAL TERM
Topical term or geographic name as entry element Buses-Songs and music
650 ## - SUBJECT ADDED ENTRY--TOPICAL TERM
Topical term or geographic name as entry element Songs
Holdings
Withdrawn status Lost status Damaged status Home library Current library Shelving location Date acquired Source of acquisition Total Checkouts Full call number Barcode Date last seen Price effective from Koha item type
      Elizalde Library Elizalde Library Teachers Reference Section 04/25/2001     TR(PS E Wh56 1990 E2579 04/12/2014 04/12/2014 Books

Wheels on the bus (The) /

APA

Ziefert H., . (1990). Wheels on the bus (The). New York: Random House.

Chicago

Ziefert Harriet, . 1990. Wheels on the bus (The). New York: Random House.

Harvard

Ziefert H., . (1990). Wheels on the bus (The). New York: Random House.

MLA

Ziefert Harriet, . Wheels on the bus (The). New York: Random House. 1990.

  • Place hold
  • Print
  • Cite
  • Add to your cart (remove)
  • Save record
    BIBTEX Dublin Core MARCXML MARC (non-Unicode/MARC-8) MARC (Unicode/UTF-8) MARC (Unicode/UTF-8, Standard) MODS (XML) RIS
  • More searches
    Search for this title in:
    Other Libraries (WorldCat) Other Databases (Google Scholar) Online Stores (Bookfinder.com) Open Library (openlibrary.org)

Exporting to Dublin Core...

SOUTHVILLE LIBRARY

Southville International School and Colleges Library

1281 Tropical Ave. Cor. Luxembourg St., BF Homes International, Las Pinas City

Tel. No. 8256374 / 252358 Loc. 117/146

Powered by Koha